| 000 | 00786 a2200265 4500 | ||
|---|---|---|---|
| 003 | Nust | ||
| 005 | 20170207164714.0 | ||
| 020 | _a0-19-515833-4 | ||
| 040 | _cNust | ||
| 082 | 0 | 4 | _a621.3822 |
| 100 | 1 | _aLathi, Bhagawandas Pannalal | |
| 245 | 1 | 0 |
_aLinear systems and signals /(E BOOK) _cB.P. Lathi |
| 250 | _a2.nd ed. | ||
| 260 |
_aNew York : _bOxford Univ. press, _ccop. 2005 |
||
| 300 |
_axvi, 975 s. : _bill. |
||
| 440 | 0 | _aThe Oxford series in electrical and computer engineering | |
| 500 | _aE Book | ||
| 650 | 0 | _aDigital filters (Mathematics) | |
| 650 | 0 | _aLinear time invariant systems | |
| 650 | 0 | _aMatematiska modeller | |
| 650 | 0 | _aMathematical models | |
| 650 | 0 |
_aSignal processing _xMathematics |
|
| 650 | 0 |
_aSignalbehandling _xmatematik |
|
| 650 | 0 | _aSystem analysis | |
| 942 |
_2ddc _cBK |
||
| 999 |
_c209696 _d209696 |
||